000 00357nam a2200145Ia 4500
008 191201s2005 xx 000 0 und d
082 _a621.3
_bRAF
100 _aRAZAGHI, Manijeh
245 0 _aFundamentals of Solid State Engineering
250 _a1st
260 _aN.Delhi
_bSpringer, India
_c2005
300 _a630
650 _aApplied
942 _2ddc
_cBK
999 _c1920
_d1920